Recopilacion de leyes notariales y registrales/ (Registro nro. 8304)

Detalles MARC
000 -LEADER
fixed length control field 02284nam a2200193Ia 4500
005 - FECHA Y HORA DE LA ÚLTIMA TRANSACCIÓN
control field 20241207105832.0
008 - FIXED-LENGTH DATA ELEMENTS--GENERAL INFORMATION
fixed length control field 230609s9999 xx 000 0 und d
040 ## - CATALOGING SOURCE
Original cataloging agency UPAN
Transcribing agency Biblioteca San Vicente
Description conventions RCAA2
041 ## - LANGUAGE CODE
Language code of text/sound track or separate title spa
082 ## - DEWEY DECIMAL CLASSIFICATION NUMBER
Classification number 348.023.728.4
Item number M539r
año de publicación 1996
100 ## - MAIN ENTRY--PERSONAL NAME
Personal name Mendoza Orante, Ricardo
Relator code aut.
245 #0 - TITLE STATEMENT
Title Recopilacion de leyes notariales y registrales/
Remainder of title Lic. Ricardo Mendoza Orantes
250 ## - EDITION STATEMENT
Edition statement 4ª ed.
260 ## - PUBLICATION, DISTRIBUTION, ETC. (IMPRINT)
Place of publication, distribution, etc El Salvador;
Name of publisher, distributor, etc Juridica Salvadoreña,
Date of publication, distribution, etc 1996
300 ## - PHYSICAL DESCRIPTION
Extent 218 p.:
Dimensions 21 cm.
505 ## - FORMATTED CONTENTS NOTE
Formatted contents note 1. Ley de notariado<br/>2. Ley de ejercicio notarial de la jurisdiccion voluntaria y de otras diligencias<br/>3. Exposicion de motivos de la ley de la direccion general de registros<br/>4. Ley de la direccion general de registros<br/>5. Titulo VI del codigo civil, de la tradicion y del registro de la propiedad raiz e hipoteca<br/>6. Reglamento del registro de la propiedad raiz e hipotecas<br/>7. Decretos mediante los cuales se autoriza el sistema de fotocopia para hacer las inscripciones en el registro de la propiedad raiz e hipoteca<br/>8. Ley de propiedda inmobiliaria por pisos y apartamentos<br/>9. Ley sobre titulos de predios urbanos<br/>10. Decreto legislativo sobre inscripcion de documentos privados<br/>11. Decreto legislativo sobre cancelacion de obligaciones contenidas en documentos privados<br/>12. Ley de ingenieros topografos<br/>13. Ley de reestructuracion del registro de la propiedad raiz e hipoteca<br/>14. Reglamento de la ley de reestructuracion del registro de la propiedad raiz e hipoteca<br/>15. Decreto nº 467. Los inmuebles adquiridos a cualquier titulo de conformidad con la ley basica de la reforma agraria, la ley para la afectacion y traspaso de tierras agricolas a favor de sus cultivadores directos, se inscribiran en el registro de la propiedad raiz e hipotecas, libres de todo gravamen y medida cautelar que los afecten<br/>16. Se emplearan nuevas hojas de papel la formacion de libros de protocolo de otarios, mientras no se regule en forma definitiva para estos casos<br/>17. Se establece que todos los documentos que se emitieron antes de la vigencia del decreto nº 439, del 21 de enero de 1993, se les aplicaran los impuestos establecidos en la tabla vigente hasta el 22 de febrero de 1993
650 ## - SUBJECT ADDED ENTRY--TOPICAL TERM
Source of heading or term LEMB
Topical term or geographic name as entry element Derecho civil-legislación
942 ## - ADDED ENTRY ELEMENTS (KOHA)
Koha item type Libros
Source of classification or shelving scheme Dewey Decimal Classification
Existencias
Withdrawn status Lost status Source of classification or shelving scheme Damaged status Not for loan Collection code Home library Current library Date acquired Total Checkouts Full call number Barcode Date last seen Copy number Price effective from Koha item type
    Dewey Decimal Classification     Colección General Biblioteca UPAN San Vicente Biblioteca UPAN San Vicente 09/06/2023   348.023.728.4 M539r 12001047 09/06/2023 01 09/06/2023 Libros